Bārō priya sukumāra. (Record no. 58655)
[ view plain ]
| 000 -LEADER | |
|---|---|
| fixed length control field | 00614cam a22002291 4500 |
| 001 - CONTROL NUMBER | |
| control field | sa 64004640 |
| 003 - CONTROL NUMBER IDENTIFIER | |
| control field | DLC |
| 005 - DATE AND TIME OF LATEST TRANSACTION | |
| control field | 20260227112026.0 |
| 008 - FIXED-LENGTH DATA ELEMENTS--GENERAL INFORMATION | |
| fixed length control field | 861105s1963 ii 000 0 kanx |
| 010 ## - LIBRARY OF CONGRESS CONTROL NUMBER | |
| LC control number | sa 64004640 |
| 025 ## - OVERSEAS ACQUISITION NUMBER | |
| Overseas acquisition number | PL480:I-Kan-401 |
| 035 ## - SYSTEM CONTROL NUMBER | |
| System control number | (OCoLC)15302842 |
| 040 ## - CATALOGING SOURCE | |
| Original cataloging agency | DLC |
| Transcribing agency | NN |
| Modifying agency | DLC |
| 042 ## - AUTHENTICATION CODE | |
| Authentication code | premarc |
| 050 00 - LIBRARY OF CONGRESS CALL NUMBER | |
| Classification number | PL4659.N32 |
| Item number | B3 |
| 100 1# - MAIN ENTRY--PERSONAL NAME | |
| Personal name | Narasiṅgarāv, P., |
| Dates associated with a name | 1912- |
| 245 10 - TITLE STATEMENT | |
| Title | Bārō priya sukumāra. |
| Statement of responsibility, etc. | [Lēkhaka] Parvatavāṇi [pseud.] |
| 260 ## - PUBLICATION, DISTRIBUTION, ETC. | |
| Place of publication, distribution, etc. | Maisūru, |
| Name of publisher, distributor, etc. | Bhāratī Prakāśana |
| Date of publication, distribution, etc. | [1963] |
| 300 ## - PHYSICAL DESCRIPTION | |
| Extent | 89 p. |
| Dimensions | 19 cm. |
| 500 ## - GENERAL NOTE | |
| General note | In Kannada. |
| 500 ## - GENERAL NOTE | |
| General note | A play. |
No items available.